Fr. Conceicao Rodrigues College of Engineering

Mastering Active Server Pages 3 (Record no. 29136)

MARC details
000 -LEADER
fixed length control field 00309nam a2200145Ia 4500
082 ## - DEWEY DECIMAL CLASSIFICATION NUMBER
Classification number 5.133
Item number JON/ASP
100 ## - MAIN ENTRY--PERSONAL NAME
Personal name Jones/ Russell A
245 ## - TITLE STATEMENT
Title Mastering Active Server Pages 3
260 ## - PUBLICATION, DISTRIBUTION, ETC.
Name of publisher, distributor, etc. B.P.B Pub
Date of publication, distribution, etc. 2000
300 ## - PHYSICAL DESCRIPTION
Extent 890
546 ## - LANGUAGE NOTE
Language note ENGLISH
654 ## - SUBJECT ADDED ENTRY--FACETED TOPICAL TERMS
Focus term Computer
942 ## - ADDED ENTRY ELEMENTS (KOHA)
Koha item type BOOK
Holdings
Withdrawn status Lost status Damaged status Not for loan Collection Home library Current library Date acquired Total Checkouts Full call number Barcode Date last seen Price effective from Koha item type
        CRC Fr. Agnel's C.Rodrigues College of Engineering Fr. Agnel's C.Rodrigues College of Engineering 17/03/2023   5.133 JON/ASP 11692 17/03/2023 17/03/2023 BOOK